000 00559cam a2200181 4500500
005 20260405002848.0
041 _afre
042 _adc
100 1 0 _aPortevin, Catherine
_eauthor
245 0 0 _aLe Miracle au cœur de l’ordinaire
260 _c2019.
500 _a75
690 _aHent de Vries
690 _aStanley Cavell
690 _aWittgenstein
786 0 _nPhilosophie magazine | 126 | 2 | 2019-02-01 | p. 53-53 | 1951-1787
856 4 1 _uhttps://shs.cairn.info/magazine-philosophie-magazine-2019-2-page-53?lang=fr&redirect-ssocas=7080
999 _c2061857
_d2061857